000 nam a22 7a 4500
999 _c342274
_d342274
003 NUST
005 20171215102719.0
008 171215b xxu||||| |||| 00| 0 eng d
040 _c0
082 _a661 NIS
245 _aIndustrial Chemical Process- 1 (CHT-254):
_bchemical Technology
260 _aIslamabad
_bNISTE, NBF
_c2002
300 _a78p.
500 _aP.B
942 _2ddc
_cBK
_kIESE